000 00272nam a22001217a 4500
003 SGT
082 _a153.94
_bGOI
100 _aGOVT. OF INDIA
245 _aTHE GOLDEN LEAVES
260 _aUTTRAKHAND
_bFOREST RESEARCH INSTITUTE
_c2016
300 _a160
942 _2ddc
_cBK
999 _c26721
_d26721